[Event "NOR-ch"]
[Site "Sandefjord"]
[Date "2012.07.07"]
[Round "1"]
[White "Lie, Espen"]
[Black "Forsaa, Espen"]
[Result "1-0"]
[WhiteElo "2455"]
[BlackElo "2307"]
[PlyCount "75"]
[EventDate "2012.07.07"]
[EventType "swiss"]
[EventRounds "9"]
[EventCountry "NOR"]
[SourceTitle "CBM 149 Extra"]
[Source "ChessBase"]
[SourceDate "2012.08.24"]
[SourceVersion "1"]
[SourceVersionDate "2012.08.24"]
[SourceQuality "1"]

1. e4 e6 2. d4 d5 3. e5 c5 4. c3 Nc6 5. Be3 Qb6 6. Qd2 Nh6 7. Nf3 Bd7 8. Be2 Nf5 9. dxc5 Bxc5 10. Bxc5 Qxc5 11. Bd3 0-0 12. 0-0 f6 13. Bxf5 exf5 14. b4 Qe7 15. Qxd5+ Be6 16. Qd6 Qf7 17. exf6 Rad8 18. Qf4 Qxf6 19. b5 Ne7 20. Re1 Ng6 21. Qe3 Bc4 22. Qc5 Bd5 23. Nbd2 Nf4 24. Qe3 Qh6 25. Rad1 Bxa2 26. g3 Nh3+ 27. Kg2 f4 28. Qxa7 Bd5 29. c4 fxg3 30. fxg3 Rxf3 31. Nxf3 Bxf3+ 32. Kxf3 Ng5+ 33. Kg2 Qh3+ 34. Kh1 Rf8 35. Qxb7 h6 36. Qg2 Qg4 37. c5 Nh3 38. Rd2 1-0